| 000 | 00591nam a2200217 a 4500 | ||
|---|---|---|---|
| 005 | 20240924071016.0 | ||
| 008 | 040929s1990 mx r 000 0 spa d | ||
| 020 | _a950802013X | ||
| 035 | _aUPN01000134923 | ||
| 049 | _aCG | ||
| 050 | 4 |
_aLB1049 _bV3.2 1990 |
|
| 100 | 1 | _aVargas Otálora, Tobías | |
| 245 | 1 | 0 |
_aCómo leer para aprender / _cTobías Vargas Otálora. |
| 250 | _a2a ed. | ||
| 260 |
_aBuenos Aires : _bEspacio, _c1990. |
||
| 300 |
_a174 p. : _bil. |
||
| 440 | 0 | _aDidáctica | |
| 650 | 4 |
_aMétodos de estudio _94280 |
|
| 650 | 4 |
_aLibros y lectura _95227 |
|
| 905 | _aLibro | ||
| 999 |
_c107074 _d107074 |
||